000 00482cam a22002051 4500
001 sa 68007739
003 DLC
005 20260227112525.0
008 881109s1967 xx 000 0 tam
010 _asa 68007739
035 _a(OCoLC)34642138
040 _aDLC
_cMnU
_dDLC
042 _apremarc
050 0 0 _aPL4758.9.A33
_bO7
100 0 _aAkilan̲,
_d1922-1988.
245 1 0 _aOru vēḷaic cōru.
260 _c[1967]
300 _a166 p.
_c18 cm.
500 _aRomanized.
999 _c82013
_d82013